A : a novel /
Uloženo v:
| Hlavní autor: | |
|---|---|
| Médium: | Kniha |
| Jazyk: | angličtina |
| Vydáno: |
New York :
Grove press,
c1968
|
| Tagy: |
Žádné tagy, Buďte první, kdo vytvoří štítek k tomuto záznamu!
|
MARC
| LEADER | 00000nam a22000007i 4500 | ||
|---|---|---|---|
| 001 | IT\ICCU\PUV\0506620 | ||
| 003 | ItRI | ||
| 005 | 20250813110018.0 | ||
| 008 | 000202s1968 xxu|||||| ||||| |||||c | ||
| 040 | |b ita |c ct | ||
| 041 | 7 | |a eng |2 ISO-639-2 | |
| 100 | 1 | |a Warhol, Andy |0 IT\ICCU\CFIV\003786 |4 aut | |
| 245 | 1 | 0 | |a A : |b a novel / |c by Andy Warhol. |
| 260 | |a New York : |b Grove press, |c c1968 | ||
| 300 | |a 451 p. ; |c 24 cm. | ||
| 942 | |2 ddc |c BK | ||
| 952 | |0 0 |1 0 |2 ddc |4 0 |6 B_LTR05WARANA11 |7 0 |9 6151 |a MI |b MI |d 1989-09-10 |i 1833 |l 0 |o B-LTR05-WARAN-A11 |p CDOM1833 |r 2025-07-13 16:28:12 |w 2025-07-13 |x DONO |y BK | ||
| 981 | 1 | |6 z01 |a i |b xxxe | |
| 982 | 1 | |6 z01 |a n | |
| 999 | |c 4922 |d 4922 | ||